|
|
|
|
| LEADER |
00000nas a2200000 a 4500 |
| 001 |
ssj0000602448 |
| 003 |
WaSeSS |
| 005 |
20200512172242.0 |
| 006 |
m d |
| 007 |
cr n |
| 008 |
110617c19859999ii fr p s b | 0eng c |
| 010 |
|
|
|a 2011261108
|
| 022 |
|
|
|a 0976-3880
|l 0970-2539
|y 0970-2539
|
| 035 |
|
|
|a (WaSeSS)ssj0000602448
|
| 040 |
|
|
|a HNK
|b eng
|c HNK
|d HNK
|d OCLCQ
|d OCLCF
|d OCLCO
|d OCLCQ
|d AU@
|d SERSO
|d WaSeSS
|
| 042 |
|
|
|a pcc
|
| 050 |
1 |
4 |
|a QK1
|b .J733
|
| 210 |
0 |
|
|a J. plant sci. res.
|b (Online)
|
| 222 |
|
0 |
|a Journal of plant science research
|b (Online)
|
| 245 |
0 |
4 |
|a The journal of plant science research
|h [electronic resource].
|
| 260 |
|
|
|a New Delhi, India :
|b MD Publications Pvt. Ltd.
|
| 310 |
|
|
|a Semiannual,
|b 2010-
|
| 321 |
|
|
|a Quarterly,
|b 1985-2009
|
| 362 |
1 |
|
|a Print began with vol. 1, no. 1 (1985).
|
| 506 |
|
|
|a License restrictions may limit access.
|
| 588 |
|
|
|a Description based on: Vol. 26, no. 2 (2010); title from title information screen (ProQuest, viewed June 17, 2011).
|
| 588 |
|
|
|a Latest issue consulted: Vol. 27, no. 1 (2011) (viewed Oct. 3, 2011).
|
| 650 |
|
0 |
|a Botany
|v Periodicals.
|
| 650 |
|
0 |
|a Plants
|v Periodicals.
|
| 650 |
|
7 |
|a Botany.
|2 fast
|0 (OCoLC)fst00836869
|
| 650 |
|
7 |
|a Plants.
|2 fast
|0 (OCoLC)fst01065823
|
| 655 |
|
0 |
|a Electronic journals.
|
| 776 |
0 |
8 |
|i Print version:
|t Journal of plant science research
|x 0970-2539
|w (DLC)sn 88024000
|w (OCoLC)16320413
|
| 856 |
4 |
0 |
|z Full text available from Research Library: 07/01/2010 to present
|u https://search.proquest.com/publication/506329
|